000 00449nam a2200169 a 4500
001 0000-9101
003 ELIB.Books
008 110520 1968
035 _a(ELIB.Books)0000-9250
082 _a253.5
_bCli
100 _aClinebell, Howard
245 _aUnderstanding and Counselling the Alcoholic
260 _bNew York: Abingdon Press
_c1968
650 _aPastoral Theology
942 _2ddc
_cBK
998 _cbat
_e2011-05-20
999 _c9101
_d9101